| 000 | 00474cam a2200181ua 4500 | ||
|---|---|---|---|
| 020 | _c160.00 | ||
| 041 |
_aeng _h |
||
| 082 |
_a372.6 _bLAK/EN |
||
| 100 | _aLakshminarayanan, K.R . | ||
| 245 |
_aEnglish for technical communication / _cK.R.Lakshminarayanan. _hTextual Documents |
||
| 250 |
_a2 / _b. |
||
| 260 |
_aChennai : _bScitech Publications Pvt.Ltd. , _c2006. |
||
| 300 | _a ; . | ||
| 365 | _a160.00 | ||
| 504 | _a | ||
| 942 | _cBK | ||
| 999 |
_c13532 _d13532 |
||